000
00263nam a22001097a 4500
020
_a
9788170356622
082
_a
631.431
_b
SHA/OB
100
_a
Shashi Bhushan Kumar
245
_a
Objective soil physics
260
_a
Delhi
_b
Daya Publishing House
_c
2010
942
_c
BK
999
_c
14006
_d
14006